El misterio de las siete esferas /

Guardado en:
Autor Principal: Christie, Agatha
Otros Autores: Paytuvi de Sierra, Carlos, trad.
Formato: Libro
Publicado: Barcelona : Molino, s.f
Series:Biblioteca oro; No. 161
Materias:
Etiquetas: Agregar Etiqueta
Sin Etiquetas, Sea el primero en etiquetar este registro!
LEADER 00701nam a22002295a 4500
001 CEM.cems012384
005 20140422100902.0
008 130507b######################000#0#####d
003 CEMS
082 0 4 |a 823.9 
100 1 |a Christie, Agatha 
245 1 0 |a El misterio de las siete esferas /  |c Agatha Christie ; traducido Por Carlos Paytuvi de Sierra 
260 |a Barcelona :  |b Molino, s.f 
300 |a 237 p. 
490 0 |a Biblioteca oro; No. 161 
653 |a Literatura 
653 |a Literatura inglesa 
653 |a Novelas 
653 |a Novelas inglesas 
653 |a Novelas policiales 
700 1 |a Paytuvi de Sierra, Carlos, trad. 
859 |a CEMS  |b BIB. CEMS - 11 de abril  |h 823.9  |i Ch984-4  |p 23679.07  |t Ej.1